LEADER 00823nam a2200205 i 4500 001 000000093141 003 CaOOAMICUS 005 20160217000000.0 008 160217s1952 it u000 u ita u 013 $a65383 040 $aSeMil$bita 100 1 $aPaglialunga, Arcangelo <1920-2011>.$0(OLS)http://semarc/name/41194 245 10$aLorenzo Perosi /$cArcangelo Paglialunga. 260 $a[S.l.] :$bEdizioni Paoline,$cstampa 1952. 300 $a411 p., [16] p. di tav. :$bill. ;$c23 cm. 600 14$aPerosi, Lorenzo .$0(OLS)http://semarc/subject/16769 850 $aSeMil 852 $aSeMil$W1$xVenegono$y1$m3Q III 53$j55894$B55894$CSeMilBibl$Z2$F60742 $81 996 $6245$aLorenzo Perosi$9(OLS)http://semarc/title/139150 996 $6260$a[S.l.] :$bEdizioni Paoline$9(OLS)http://semarc/publisher/36818 LEADER 01486nam a2200241 i 4500 001 000000018905 003 CaOOAMICUS 005 20180830125444.0 008 180830s1945 it u000 u ita u 040 $aSeMil$bita 100 1 $aMasnovo, Amato <1880-1955>.$0(OLS)http://semarc/name/8468 245 10$aDa Guglielmo d'Auvergne a S. Tommaso d'Aquino /$cAmato Masnovo. 250 $a2. ed. riveduta. 260 $aMilano :$bVita e Pensiero,$c1945-1946. 300 $a2 v. ;$c25 cm. 600 04$aTommaso : d'Aquino .$0(OLS)http://semarc/subject/115 600 04$aGuglielmo : d'Alvernia .$0(OLS)http://semarc/subject/57889 650 4$aFilosofia medievale.$0(OLS)http://semarc/subject/852 774 0 $aMasnovo, Amato <1880-1955>$tGuglielmo d'Auvergne e l'ascesa verso Dio.$dMilano : Vita e Pensiero, 1945.$kPubblicazioni dell'Università cattolica del Sacro Cuore. Nuova serie$gVol.1$w()167619 774 0 $aMasnovo, Amato <1880-1955>$tOrigine delle cose da Dio in Guglielmo d'Auvergne.$dMilano : Vita e Pensiero, 1946.$kPubblicazioni dell'Università cattolica del Sacro Cuore. Nuova serie$gVol.2$w()167620 774 0 $aMasnovo, Amato <1880-1955>$tUomo.$dMilano : Vita e Pensiero, 1945.$kPubblicazioni dell'Università cattolica del Sacro Cuore. Nuova serie$gVol.3$w()167621 996 $6245$aDa Guglielmo d'Auvergne a S. Tommaso d'Aquino$9(OLS)http://semarc/title/24878 996 $6260$aMilano :$bVita e Pensiero$9(OLS)http://semarc/publisher/29642